000 00710nam a22002177a 4500
999 _c47694
_d47694
005 20230412170804.0
008 100923t xxu||||| |||| 00| 0 eng d
010 _aENG-101549 ENG-136664
020 _c595.00
_a9788124115343
035 _aEN-85082 EN-120196
037 _bDBAD/PUB
040 _adpl
_bEnglish
082 _a260.92
100 _921271
_aBali, Yogendra
245 _aSri Satguru Ram Singh Ji and freedom movement of India/
_cby Yogendra Bali
260 _aNew Delhi
_bHar- Anand Publications
_c2010
270 _aE-49/3, Okhla Industrial Area, Phase-II,
_bNew Delhi
_e110020
300 _a216p.
_c25cm (Hb)
500 _aIncludes index
942 _2ddc
_cEN
_mBAL
_h260.92